Poesías: primeros versos

Saved in:
Bibliografiske detaljer
Hovedforfatter: Blest Gana, Guillermo (Author)
Format: Bog
Sprog:spansk
Udgivet: París A. Laplace 1863
Udgivelse:2a. ed
Fag:
Tags: Tilføj Tag
Ingen Tags, Vær først til at tagge denne postø!

MARC

LEADER 00000cam a2200000 a 4500
001 UCG9974
003 CL-VaPUC
008 120420e18630000FR |||||||||||||||||spa|d
082 0 4 |a Ch861  |b BLE  |2 21 
100 0 |a Blest Gana, Guillermo  |e author  |9 444708 
245 1 0 |a Poesías: primeros versos 
250 |a 2a. ed 
300 |a 319 p 
942 |c BK 
945 |d 20120420 00:00:00  |a dcastane 
260 |a París  |b A. Laplace  |c 1863 
650 0 |a Poesías chilenas   |9 265280 
650 0 |a Literatura chilena   |9 308278 
583 |a last modification  |c 20120420 11:58:00  |k Rodrigo Vera 
999 |c 347499  |d 347497 
952 |0 0  |1 0  |4 0  |6 CH_861_000000000000000_BLE_1863  |7 0  |8 X  |9 448892  |a FDOBUD  |b FDOBUD  |d 2019-11-22  |i 4794826  |o Ch861 BLE 1863  |p 4794826  |r 2019-11-22  |w 2019-11-22  |y BK_X  |k BUD